Archery In India: (Record no. 216756)
[ view plain ]
| 000 -LEADER | |
|---|---|
| fixed length control field | 00584nam a22001937a 4500 |
| 005 - DATE AND TIME OF LATEST TRANSACTION | |
| control field | 20260622120925.0 |
| 010 ## - LCCN (DPL NO) | |
| LC control number | ENG-148899 |
| 020 ## - INTERNATIONAL STANDARD BOOK NUMBER | |
| International Standard Book Number | 9789392595400 |
| Terms of availability | 700.00 |
| 035 ## - SYSTEM CONTROL NUMBER | |
| System control number | EN-132431 |
| 037 ## - SOURCE OF ACQUISITION | |
| Source of stock number/acquisition | DBAD |
| Stock number | DPL |
| 082 ## - DEWEY DECIMAL CLASSIFICATION NUMBER | |
| Classification number | 799.320954 |
| 100 ## - MAIN ENTRY--PERSONAL NAME | |
| Personal name | Bissu, Anurag |
| 245 ## - TITLE STATEMENT | |
| Title | Archery In India: |
| Remainder of title | Bulls Eye to Success/ |
| Statement of responsibility, etc | Anurag Bissu |
| 250 ## - EDITION STATEMENT | |
| Remainder of edition statement | 1 |
| 260 ## - PUBLICATION, DISTRIBUTION, ETC. (IMPRINT) | |
| Place of publication, distribution, etc | India |
| Name of publisher, distributor, etc | Rishabh Books |
| Date of publication, distribution, etc | 2024 |
| 270 ## - ADDRESS | |
| Address | 22/4735 Prakash Deep Building,Ansari Raod, Darya Ganj, |
| City | New Delhi |
| Postal code | 110002 |
| 300 ## - PHYSICAL DESCRIPTION | |
| Extent | 131p. |
| Dimensions | 23cm.(Hb) |
| 942 ## - ADDED ENTRY ELEMENTS (KOHA) | |
| Source of classification or shelving scheme | Dewey Decimal Classification |
| Item type | English Books |
| Classification part | 799.320954 |
| Call number suffix | BIS |
| Withdrawn status | Lost status | Not for loan | Collection code | Home library | Current library | Date acquired | Source of acquisition | Cost, normal purchase price | Full call number | Barcode | Copy number | Cost, replacement price | Koha item type |
|---|---|---|---|---|---|---|---|---|---|---|---|---|---|
| Not For Loan | Non-fiction | D.B.Act.Division | D.B.Act.Division | 22/06/2026 | Delivery of Books Act Division | 700.00 | 799.320954 BIS | EN-132431 | 1 | 700.00 | English Books |
